| 000 | 06293nam a22004457a 4500 | ||
|---|---|---|---|
| 003 | EG-GICUC | ||
| 005 | 20260416194104.0 | ||
| 008 | 260416s2025 ua a|||frm||| 000 0 eng d | ||
| 040 |
_aEG-GICUC _beng _cEG-GICUC _dEG-GICUC _erda |
||
| 041 | 0 |
_aeng _beng _bara |
|
| 049 | _aDeposit | ||
| 082 | 0 | 4 | _a615.82 |
| 092 |
_a615.82 _221 |
||
| 097 | _aPh.D | ||
| 099 | _aCai01.21.07.Ph.D.2025.Sa.P | ||
| 100 | 0 |
_aSamar Hussein Mohammed, _epreparation. |
|
| 245 | 1 | 0 |
_aPain and mandibular trismus response to laser therapy and therabite exercises after head and neck cancer surgeries . _cby Samar Hussein Mohammed ; Supervisors Prof Dr. Zakaria Mowafy Emam Mowafy, Prof Dr. Salah Abd El Ghany, Dr. Doaa Atef Aly. |
| 246 | 1 | 5 | _aاستجابة الالموالانطباق الفكى للعلاج بالليزر وتمرينات الثيرابايت بعد جراحات أو رام الرأس والرقبة |
| 264 | 0 | _c2025. | |
| 300 |
_a143 pages : _billustrations ; _c25 cm. + _eCD. |
||
| 336 |
_atext _2rda content |
||
| 337 |
_aUnmediated _2rdamedia |
||
| 338 |
_avolume _2rdacarrier |
||
| 502 | _a Thesis (Ph.D)-Cairo University, 2025. | ||
| 504 | _aBibliography: pages 133-141. | ||
| 520 | 3 | _aPurpose: To evaluate the efficacy of Laser therapy and therabite exercises on pain and mandibular trismus after head and neck Caner surgeries. Methods: Sixty patients with pain and trismus after head and neck cancer surgeries receiving radiotherapy were recruited from out–patient clinics of National Cancer Institute, Cairo University and were divided randomly to three groups. Group (A) composed of 20 patients received Laser therapy plus the conventional exercise therapy (gentle stretches, resisted exercises and passive range of motion exercise) for three months. Group (B) received the therabite exercises plus the same conventional exercise therapy for three months also. Group (C) composed of 20 patients received Laser therapy and TheraBite exercises plus the conventional exercise therapy (gentle stretches, resisted exercises and passive range of motion exercise) for three months. Methods of evaluation: (Measurement of the maximal interincisal opening (MIO), mandibular Function Impairment questionnaire (MFIQ) and visual analogue scale (VAS) were measured before and after treatment . Results and conclusion: – Results showed that application of Laser therapy and therabite exercises with the conventional exercise therapy had a valuable effect on pain and mandibular trismus after head and neck surgery in cancer patients as evidenced by the highly significant increases in MIO and the highly significant decreases in MFIQ and (VAS). | |
| 520 | 3 | _aالغرض:يهدف هذا البحث إلى تقييم فعالية العلاج بالليزر وتمارين جهاز "ثيرابايت" في تخفيف الألم وتحسين حالة تقييد فتح الفك السفلي (التريسماس) بعد جراحات الرأس والرقبة لدى مرضى السرطان. طرق التقييم: تمت عملية التقييم من خلال قياس المسافة العظمى لفتح الفم بين القواطع العلوية والسفلية (Maximal Interincisal Opening - MIO)، واستبيان تقييم قصور وظيفة الفك السفلي (Mandibular Function Impairment Questionnaire - MFIQ)، ومقياس التقدير البصري للألم (Visual Analogue Scale - VAS). المنهجية:شارك في الدراسة ستون مريضًا مصابين بتقييد فتح الفك (تريسماس) بعد إجراء جراحات الرأس والرقبة، وقد تم اختيارهم عشوائيًا من العيادات الخارجية للمعهد القومي للأورام – جامعة القاهرة، بواقع 30 ذكرًا و30 أنثى، جميعهم من مرضى السرطان الذين تلقوا العلاج الإشعاعي، وتتراوح أعمارهم بين 40 و60 عامًا. تم تقسيمهم إلى ثلاث مجموعات متساوية:المجموعة (أ): 20 مريضًا تلقوا العلاج بالليزر بالإضافة إلى برنامج العلاج التمريني التقليدي (تمددات لطيفة، تمارين مقاومة، وتمارين نطاق الحركة السلبية) لمدة ثلاثة أشهر، المجموعة (ب): 20 مريضًا تلقوا تمارين جهاز "ثيرابايت" بالإضافة إلى نفس برنامج العلاج التمريني التقليدي لمدة ثلاثة أشهر، المجموعة (ج): 20 مريضًا تلقوا العلاج بالليزر وتمارين جهاز "ثيرابايت" معًا بالإضافة إلى برنامج العلاج التمريني التقليدي. النتائج والخلاصة:أظهرت النتائج أن استخدام العلاج بالليزر وتمارين جهاز "ثيرابايت" مع برنامج العلاج التمريني التقليدي كان له تأثير ملحوظ في تخفيف الألم وتحسين قدرة فتح الفك السفلي بعد جراحات الرأس والرقبة لدى مرضى السرطان الذين تلقوا العلاج الإشعاعي، وذلك من خلال الزيادة الكبيرة والدالة إحصائيًا في قيمة MIO، والانخفاض الكبير والدال إحصائيًا في درجات MFIQ وVAS. | |
| 530 | _aIssues also as CD. | ||
| 546 | _aText in English and abstract in Arabic & English. | ||
| 650 | 0 | _aPhysical Therapy | |
| 650 | 0 | _aالعلاج الطبيعي | |
| 653 | 1 |
_aPain _aTrismus _alaser therapy _aTherabite exercises _aMaximal interincisal opening _aMandibular Function Impairment _aVisual Analogue Scale _aالتريسماس _aتمارين جهاز ثيرابايت |
|
| 700 | 0 |
_aZakaria Mowafy Emam Mowafy _ethesis advisor. |
|
| 700 | 0 |
_aSalah Abd El Ghany _ethesis advisor. |
|
| 700 | 0 |
_aDoaa Atef Aly _ethesis advisor. |
|
| 900 |
_b01-01-2025 _cZakaria Mowafy Emam Mowafy _cSalah Abd El Ghany _cDoaa Atef Aly _UCairo University _FFaculty of Physical Therapy _DDepartment of Physical Therapy for Surgery |
||
| 905 | _aShimaa | ||
| 942 |
_2ddc _cTH _e21 _n0 |
||
| 999 | _c179540 | ||